[Event "II Duchamp Open 2018"]
[Site "Rio de Janeiro"]
[Date "2018.11.20"]
[Round "9"]
[White "Matsuura, Everaldo"]
[Black "Viana, Dirceu"]
[Result "1-0"]
[WhiteElo "2476"]
[BlackElo "2201"]
[Annotator "TA"]
[PlyCount "95"]
[EventDate "2018.11.14"]
[EventType "swiss"]
[EventCountry "BRA"]
[SourceTitle "playchess.com"]
[Source "ChessBase"]
[SourceQuality "1"]

{[%evp 11,95,-4,34,25,50,16,62,9,26,24,21,22,22,24,31,0,0,0,0,0,21,0,36,0,0,0,0,33,45,0,23,22,44,34,20,4,31,0,52,0,21,0,84,0,95,95,95,95,95,95,95,77,77,69,69,69,72,65,65,65,65,53,65,65,67,53,55,37,37,37,39,22,45,8,93,93,298,260,647,613,704,697,696,695,682,668]} 1. e4 e6 2. d4 d5 3. Nc3 Nf6 4. e5 Nfd7 5. Nce2 c5 6. c3 b6 7. f4 {C11: French: Classical System: 4 e5 and 4 Bg5 dxe4} Ba6 8. Nf3 Nc6 {[%cal Bb8c6,Bc6a5,Ba5c4][%mdl 32]} 9. a3 (9. f5 $14 exf5 10. Nf4) (9. g3 Rc8 10. a3 Be7 11. Bh3 g6 12. O-O Na5 13. Rf2 Bc4 14. Be3 Nb3 {½-½ (23) Yu,Y (2749)-Akobian,V (2673) Khanty-Mansiysk 2017}) 9... cxd4 10. cxd4 g6 $146 ({Predecessor:} 10... Na5 11. b4 Bxe2 12. Bxe2 Nc4 13. O-O b5 14. g4 Be7 15. f5 Qb6 {½-½ (29) Moehn,H (2083)-Bellaiche,E (1891) Cap d'Agde 2010}) 11. g3 Rc8 12. Bh3 Qc7 13. Kf2 Na5 14. Nc3 Qb7 15. Re1 Be7 16. Bg2 Nc4 17. g4 h5 18. h3 hxg4 19. hxg4 Nf8 20. Ne2 Na5 21. b4 Bxe2 22. Rxe2 Nc4 23. Qd3 a5 24. b5 Qd7 (24... a4 $11) 25. Rb1 ({Better is} 25. a4 $14) 25... Rc7 26. g5 Kd8 (26... Qc8 $1 $11 {keeps the balance.}) 27. Rc2 (27. Nd2 $1 $16) 27... Kc8 (27... Nxa3 $11 28. Bxa3 (28. Rxc7 Qxc7 29. Bxa3 Bxa3 $17) 28... Bxa3) 28. Nd2 $16 Nxd2 29. Qxd2 Rxc2 30. Qxc2+ Qc7 31. Qd3 Kb7 32. Bd2 Nd7 33. Rc1 Qd8 34. Kg3 Nb8 35. a4 Qd7 36. Bf3 Qd8 37. Qc2 Qd7 38. Qb1 Ba3 39. Rh1 Rxh1 40. Qxh1 Qe7 41. Qh7 {aiming for f5!} Nd7 42. f5 Nf8 {[#]} (42... gxf5 43. Bh5 $16) (42... Bb4 $1 $11) 43. Qg7 $1 $36 {[%mdl 2048] Keeping Black busy.} gxf5 $2 (43... Bb4 $16 44. f6 Qe8) 44. Bh5 $18 Bb4 $2 {[#]} (44... Bb2 45. Be3 (45. Qxf7 Qxf7 46. Bxf7 Bxd4 $18) 45... Ng6) 45. Be3 $1 {White is clearly winning.} ({Not} 45. Bxb4 axb4 46. Qf6 Qxf6 $17) 45... Ng6 46. Bxg6 fxg6 47. Qxg6 Be1+ 48. Kf3 {Accuracy: White = 39%, Black = 37%.} 1-0

[Event "II Duchamp Open 2018"]
[Site "Rio de Janeiro"]
[Date "2018.11.20"]
[Round "9"]
[White "Von Buelow, Georg"]
[Black "Guimaraes, Diogo Duarte"]
[Result "1/2-1/2"]
[WhiteElo "2354"]
[BlackElo "2272"]
[Annotator "TA"]
[PlyCount "46"]
[EventDate "2018.11.14"]
[EventType "swiss"]
[EventCountry "BRA"]
[SourceTitle "playchess.com"]
[Source "ChessBase"]
[SourceQuality "1"]

{[%evp 15,46,17,38,40,39,46,49,48,50,50,71,75,133,117,156,144,178,142,129,127,145,40,25,0,0,-6,-9,-129,-125,-218,-214,-199,-209]} 1. Nf3 d5 2. d4 c6 3. c4 Nf6 4. e3 Bf5 5. Nc3 a6 6. Qb3 Ra7 {D15: Slav Defence: 4 Nc3 a6 and gambit lines after 4 Nc3 dxc4} 7. a4 {[%cal Ba2a4,Ba4a5,Ba5b6][%mdl 32]} e6 8. a5 h6 {LiveBook: 3 Games. The position is equal.} 9. Qb6 Qxb6 10. axb6 Ra8 11. c5 Nbd7 12. b4 Rc8 13. Nd2 g5 $146 (13... Be7 $142) ({Predecessor:} 13... Nxb6 14. cxb6 Bxb4 {1-0 (42) Gupta,A (2654)-Deshpande,A (2230) Pune 2016}) 14. Nb3 $16 Bg7 15. Na5 Rb8 16. Bb2 O-O 17. f3 e5 {[#]} 18. Kd2 (18. Bxa6 $1 $16 {[%mdl 512]} bxa6 19. Nxc6 {[%mdl 64] Double Attack}) 18... Rfe8 $14 19. Bxa6 (19. Na4 {is more complex.} e4 20. Nxb7 Rxb7 21. Bxa6 Rbb8 22. b5) 19... bxa6 20. Nxc6 {[#]} exd4 $1 {[%mdl 512]} 21. exd4 {[#]} (21. Nxd4 $11 {keeps the balance.} Bg6 22. Rhd1) 21... Nxb6 $1 $17 {[%mdl 512]} 22. Nxb8 (22. cxb6 $17 Rxb6 23. b5 axb5 24. Nb4) 22... Nc4+ $19 {[%mdl 64] Double Attack, Zwischenzug} 23. Kc1 Rxb8 {Accuracy: White = 60%, Black = 54%.} 1/2-1/2

[Event "II Duchamp Open 2018"]
[Site "Rio de Janeiro"]
[Date "2018.11.20"]
[Round "9"]
[White "Brito, Luismar"]
[Black "Di Berardino, Diego Rafael"]
[Result "0-1"]
[WhiteElo "2349"]
[BlackElo "2526"]
[Annotator "TA"]
[PlyCount "89"]
[EventDate "2018.11.14"]
[EventType "swiss"]
[EventCountry "BRA"]
[SourceTitle "playchess.com"]
[Source "ChessBase"]
[SourceQuality "1"]

{[%evp 10,89,5,5,16,0,0,-41,-36,-16,-29,-67,-66,-70,-58,-81,-62,-70,-47,-93,-78,-82,-86,-94,-32,-42,0,-16,-9,-17,-10,-50,70,44,56,-2,0,-20,-31,-55,0,0,0,-15,-16,-50,-41,-33,-39,-32,40,47,53,0,0,0,0,0,0,-24,0,0,12,26,26,16,108,77,137,126,110,0,0,0,0,-873,-793,-29974,-29975,-29986,-29987,-29996]} 1. e4 c5 2. Nf3 b6 3. Nc3 Bb7 4. d3 (4. d4 cxd4 5. Nxd4 a6 6. Bd3 e6 7. f4 Qc7 8. Qf3 Ne7 9. Bd2 Nbc6 10. Nb3 d5 11. a3 dxe4 12. Nxe4 Nf5 13. Bc3 Be7 14. g4 {½-½ (31) Inarkiev,E (2732)-Hou,Y (2658) Petropavlovsk Kamchatsky 2016}) 4... e6 5. g3 Nf6 6. Bg2 {LiveBook: 3 Games. B27: Sicilian: 2 Nf3, unusual Black 2nd moves} d5 7. e5 Nfd7 8. Bf4 {The position is equal.} Nc6 9. h4 Be7 10. Qe2 a6 11. O-O h6 12. h5 g5 $146 13. hxg6 $1 fxg6 14. g4 g5 15. Bg3 Nf8 16. Rad1 b5 ({Better is} 16... Ng6 $17) 17. d4 $15 c4 18. Qe3 Ng6 19. Ne2 Qb6 20. c3 {[%cal Bc2c3,Bc3c4,Bc4c5][%mdl 32]} O-O (20... O-O-O $15) 21. Nd2 Rf7 22. b3 (22. f4 $14) 22... cxb3 $11 23. axb3 Raf8 24. c4 Nb4 (24... Nf4 $15 25. Bxf4 gxf4) 25. c5 $36 {[%mdl 2048] White is more active.} Qc7 26. Qc3 a5 27. Ra1 Kg7 28. Rxa5 Qxa5 29. Ra1 Qxa1+ (29... Qc7 $15 30. Qxb4 Bc6) 30. Qxa1 $14 Ra8 31. Qc3 (31. Qd1 $14) 31... Nc6 $11 32. Qb2 b4 $1 33. Nc1 Ba6 34. Bf1 Bxf1 35. Nxf1 {[%cal Bd2f1,Bf1e3,Be3c2][%mdl 32]} Bd8 36. Ne3 Nf4 37. Kh2 Rfa7 (37... Be7 $11) 38. Nc2 Be7 (38... Rf7 $142) 39. Bxf4 $1 $16 gxf4 40. f3 (40. Ne1 $16) 40... Kf7 $11 41. Kh3 h5 42. Nd3 $2 {[%mdl 8192] [#]} (42. g5 $11) 42... hxg4+ $19 43. Kxg4 Rg8+ 44. Kxf4 Bg5+ 45. Kg4 {Accuracy: White = 30%, Black = 52%.} 0-1

[Event "II Duchamp Open 2018"]
[Site "Rio de Janeiro"]
[Date "2018.11.20"]
[Round "9"]
[White "Menna Barreto, Felipe Kubiaki"]
[Black "Rodi, Luis Ernesto"]
[Result "1-0"]
[WhiteElo "2342"]
[BlackElo "2327"]
[Annotator "TA"]
[PlyCount "137"]
[EventDate "2018.11.14"]
[EventType "swiss"]
[EventCountry "BRA"]
[SourceTitle "playchess.com"]
[Source "ChessBase"]
[SourceQuality "1"]

{[%evp 14,137,39,46,54,54,46,58,65,51,101,92,94,65,66,62,72,71,64,66,92,98,101,90,93,92,143,138,143,143,142,130,170,116,129,127,159,142,217,212,191,165,165,164,157,147,158,120,157,147,153,136,143,136,143,135,170,147,363,363,356,356,356,356,349,337,299,257,260,227,192,125,128,131,128,125,125,119,125,125,125,125,125,125,125,125,125,125,5622,5904,29975,29974,29975,29974,29976,29977,29978,29979,29979,29981,29981,29981,29979,29982,29982,29983,29983,29984,29984,29985,29985,29986,29986,29987,29987,29988,29988,29989,29989,29990,29992,29993,29994,29995,29995,29996]} 1. d4 d5 2. Nf3 Nf6 3. Bf4 c5 4. e3 Nc6 5. c3 Qb6 6. Qc2 Bf5 {D02: 1 d4 d5 2 Nf3 sidelines, including 2...Nf6 3 g3 and 2...Nf6 3 Bf4} (6... Bg4 7. Nbd2 e6 8. h3 Bf5 9. Qb3 c4 10. Qxb6 axb6 11. a3 b5 12. Rc1 h6 13. Be2 Be7 14. Bd1 {0-1 (84) Tologontegin,S (2419)-Steingrimsson,H (2573) Batumi 2018}) 7. dxc5 Bxc2 8. cxb6 {LiveBook: 8 Games} Bxb1 {White is slightly better.} 9. Rxb1 axb6 10. a3 Nd7 11. Bb5 f6 $146 ({Predecessor:} 11... e6 12. O-O Be7 13. Rfd1 O-O 14. c4 {0-1 (23) Emrich,J-Haag,G (2100) Kaiserslautern 2005}) 12. Rd1 e6 13. c4 dxc4 14. Nd4 e5 {Hoping for ...Ra5.} 15. Nxc6 bxc6 16. Bxc6 {[%mdl 64] Double Attack} O-O-O 17. Bg3 Nc5 18. Rxd8+ Kxd8 19. Ke2 Kc7 (19... h5 $142) 20. Bb5 $1 $16 c3 21. b4 $1 {[%cal Rb4c5]} Ne4 22. Rc1 Bd6 {[#]} 23. Bd3 ({White should play} 23. Bh4 $1 $18) 23... Nxg3+ 24. hxg3 {[%mdl 4096] Endgame KRB-KRB} h6 25. Rxc3+ Kb8 (25... Kd7 $16 26. Bf5+ Ke7) 26. Rc6 $18 Bc7 27. a4 Rd8 28. Be4 Rd6 29. Rc3 Rd8 30. Rb3 Ka7 31. g4 Rd7 32. Rd3 Rd6 33. Kd2 Kb8 34. Kc3 Kc8 35. Kc4 Kd7 $2 (35... Rxd3 $16 36. Bxd3 (36. Kxd3 Bd6 $16) 36... Bd6) 36. Kb5 Rxd3 37. Bxd3 {KB-KB} Bd8 38. a5 bxa5 39. bxa5 Kc7 40. a6 Be7 41. Be4 {White threatens a7 and mate.} Kb8 {[#]} 42. Kb6 (42. Kc4 $1 $18) 42... Bd8+ $16 43. Kc6 Ka7 44. Kd7 Ba5 45. Bb7 Be1 46. f3 e4 47. Bxe4 Bf2 48. Bd3 Bxe3 49. Ke6 {Kf5 is the strong threat.} Bd4 50. Kf7 f5 $2 {[%mdl 8192]} (50... g5 $16 51. Kg6 Bc3 52. Kxh6 Be5) 51. gxf5 $18 h5 52. g3 {White mates.} Be5 53. Bf1 Kb6 54. g4 hxg4 55. fxg4 Bd4 56. g5 Kc7 57. Ke6 Kb6 58. f6 gxf6 59. gxf6 Bc3 60. f7 Bb4 61. Kd7 Bc5 62. Ke8 Kc7 63. f8=Q Bxf8 64. Kxf8 Kb6 65. Ke8 Kc7 66. Ke7 Kb6 67. Kd6 Ka7 68. Kc7 Ka8 69. Kb6 {Accuracy: White = 78%, Black = 38%.} 1-0

[Event "II Duchamp Open 2018"]
[Site "Rio de Janeiro"]
[Date "2018.11.20"]
[Round "9"]
[White "Larrea, Manuel"]
[Black "Hoffman, Alejandro"]
[Result "0-1"]
[WhiteElo "2271"]
[BlackElo "2479"]
[Annotator "TA"]
[PlyCount "66"]
[EventDate "2018.11.14"]
[EventType "swiss"]
[EventCountry "BRA"]
[SourceTitle "playchess.com"]
[Source "ChessBase"]
[SourceQuality "1"]

{[%evp 19,66,25,43,35,20,36,44,0,0,0,0,10,36,36,32,0,0,0,20,-44,-54,-111,-67,-68,-62,-51,-58,-102,-70,-172,-142,-163,-156,-149,-111,-101,-65,-82,-45,-250,-235,-225,-185,-182,-172,-206,-197,-1019,-1002]} 1. e4 c5 2. Nf3 d6 3. d4 cxd4 4. Nxd4 Nf6 5. Nc3 g6 6. Be3 Bg7 7. f3 a6 8. Qd2 h5 {B75: Sicilian Dragon: Yugoslav Attack, Miscellaneous} (8... Nbd7 9. a4 Ne5 10. Be2 Bd7 11. a5 Rc8 12. g4 Nc4 13. Bxc4 Rxc4 14. g5 Nh5 15. Nd5 O-O 16. Nb6 Rc7 {0-1 (67) Bacrot,E (2725)-Adhiban,B (2655) Riadh 2017}) 9. O-O-O Nbd7 10. Kb1 b5 {LiveBook: 7 Games. White has an edge.} 11. Nc6 Qc7 12. Nb4 Bb7 13. Nbd5 $146 ({Predecessor:} 13. Bd4 O-O 14. Be2 Ne5 15. Rhe1 e6 16. Qg5 {0-1 (28) Guzenko,A (2235)-Pankov,G (2381) St Petersburg 2011}) 13... Bxd5 14. Nxd5 Nxd5 15. exd5 Nf6 16. Be2 Rc8 17. Rc1 Qb7 18. Rhd1 O-O 19. Bf1 (19. Qd3 $11) 19... b4 $15 20. Bd4 ({White should play} 20. h4 $15) 20... a5 21. c4 bxc3 $1 22. Bxc3 a4 {[%cal Ba5a4,Ba4a3][%mdl 32]} 23. Rc2 a3 24. Bxf6 (24. b3 $15) 24... Bxf6 25. b3 {[#]} Rxc2 $1 26. Qxc2 Rc8 27. Bc4 Qb6 {Strongly threatening ...Qe3.} 28. g3 g5 29. h4 $2 {[#]} ({White should try} 29. Qe2 $15) 29... gxh4 $19 30. gxh4 Kf8 {And now ...Qe3 would win.} 31. Qe2 Bxh4 32. f4 Bf6 33. Rh1 $2 (33. Kc2) 33... Qd4 {Accuracy: White = 35%, Black = 80%.} 0-1

[Event "II Duchamp Open 2018"]
[Site "Rio de Janeiro"]
[Date "2018.11.20"]
[Round "9"]
[White "Rocha, Vitor Firmo De Souz"]
[Black "Teixeira, Ricardo Da Silva"]
[Result "0-1"]
[WhiteElo "2174"]
[BlackElo "2239"]
[Annotator "TA"]
[PlyCount "50"]
[EventDate "2018.11.14"]
[EventType "swiss"]
[EventCountry "BRA"]
[SourceTitle "playchess.com"]
[Source "ChessBase"]
[SourceQuality "1"]

{[%evp 18,50,-10,-16,0,0,0,0,10,-14,-33,-75,-76,-132,-111,-131,-138,-229,-144,-193,-161,-340,-307,-454,-477,-672,-659,-915,-915,-894,-810,-782,-791,-29988,-29989]} 1. e4 e6 2. d4 d5 3. Nd2 a6 4. c3 c5 5. dxc5 (5. e5 Nc6 6. Ndf3 cxd4 7. cxd4 Qb6 8. Bd3 f6 9. a3 g6 10. h4 Bg7 11. h5 fxe5 12. dxe5 Nge7 13. Qe2 Nf5 14. hxg6 hxg6 15. Rxh8+ Bxh8 {1-0 (29) Mchedlishvili,M (2604)-Mousavi,S (2432) Guilan 2016}) 5... Bxc5 6. Nb3 {C03: French Tarrasch: Unusual Black 3rd moves} Bb6 7. exd5 exd5 8. Nf3 Nc6 9. Be2 Nf6 10. O-O {LiveBook: 5 Games} Ne4 11. Nfd4 O-O 12. Be3 Bc7 $146 ({Predecessor:} 12... Re8 13. Qc2 Bd7 14. Rad1 {0-1 (29) Polok,K (2136)-Kalvaitis,S (2252) Krakow 2011}) 13. Nxc6 bxc6 14. f4 Re8 15. Bd4 {[#]} ({Better is} 15. Bf3) 15... Qh4 $1 $40 {[%mdl 128] Black is out for blood.} 16. Qe1 {[#]} Qh6 $1 17. g3 (17. Be3 $17 {is a better defense.}) 17... a5 {[%cal Ba6a5,Ba5a4][%mdl 32]} 18. Rd1 Rb8 19. Rb1 $2 (19. Nc5) 19... a4 $19 20. Nd2 (20. Nc5 {was the only chance.} Nxc5 21. Bxc5) 20... c5 21. Be5 (21. Bf2 $142 Bf5 22. Nf3) 21... Rxe5 22. fxe5 {And now Nxe4 would win.} Nxd2 23. Qf2 Nxf1 24. Rxf1 Be6 25. Qxc5 Bb6 {Accuracy: White = 20%, Black = 76%.} 0-1

[Event "II Duchamp Open 2018"]
[Site "Rio de Janeiro"]
[Date "2018.11.20"]
[Round "9"]
[White "Lebredo Zaragoitia, Gerardo"]
[Black "Santos Filho, Tadeu Sousa"]
[Result "1/2-1/2"]
[WhiteElo "2139"]
[BlackElo "2078"]
[Annotator "TA"]
[PlyCount "27"]
[EventDate "2018.11.14"]
[EventType "swiss"]
[EventCountry "BRA"]
[SourceTitle "playchess.com"]
[Source "ChessBase"]
[SourceQuality "1"]

{[%evp 21,27,24,39,31,52,0,23,0]} 1. d4 Nf6 2. c4 g6 3. Nc3 Bg7 4. Nf3 d6 5. Bg5 h6 6. Bh4 O-O 7. e3 c5 8. d5 g5 9. Bg3 Nh5 {E61: King's Indian: Early deviations for White, including Smyslov System} 10. Nd2 (10. Bd3 f5 11. Nd2 Nxg3 12. hxg3 Nd7 13. f4 Nf6 14. Qe2 gxf4 15. gxf4 Ng4 16. e4 fxe4 17. Qxe4 {0-1 (34) Indjic,A (2581)-Amin,B (2680) Abu Dhabi 2017}) 10... Nxg3 11. hxg3 f5 {LiveBook: 22 Games} 12. Qc2 Na6 13. Nf3 $146 (13. O-O-O $14) ({Predecessor:} 13. a3 e6 14. dxe6 Bxe6 15. Be2 Nc7 16. Rd1 Qf6 17. O-O {½-½ (60) Bartel,M (2270)-Socko,M (2467) Poland 2016}) 13... Bd7 14. Be2 1/2-1/2

[Event "II Duchamp Open 2018"]
[Site "Rio de Janeiro"]
[Date "2018.11.20"]
[Round "9"]
[White "Almeida, Gianluca Jorio"]
[Black "Barreto, Ignacio C. De Barro"]
[Result "1/2-1/2"]
[WhiteElo "2109"]
[BlackElo "2222"]
[Annotator "TA"]
[PlyCount "21"]
[EventDate "2018.11.14"]
[EventType "swiss"]
[EventCountry "BRA"]
[SourceTitle "playchess.com"]
[Source "ChessBase"]
[SourceQuality "1"]

{[%evp 16,21,31,34,36,27,39,34]} 1. c4 c6 2. Nf3 Nf6 3. Nc3 d5 4. e3 g6 5. b3 Bg7 6. Bb2 O-O 7. Be2 Bg4 8. O-O Nbd7 9. d4 {LiveBook: 21 Games} Nb6 {D94: Grünfeld: 4 Nf3 Bg7 5 e3} 10. cxd5 $146 ({Predecessor:} 10. Nd2 Bxe2 11. Qxe2 e6 12. Rfd1 Re8 13. Rac1 Nbd7 14. h3 Qe7 15. Rc2 Rad8 16. Nf3 Ne4 17. Nd2 {½-½ (75) Drazic,S (2545)-Sargissian,G (2675) Rijeka 2010}) 10... cxd5 11. Rc1 1/2-1/2

[Event "II Duchamp Open 2018"]
[Site "Rio de Janeiro"]
[Date "2018.11.20"]
[Round "9"]
[White "Souza Neves, Andrey M."]
[Black "Perdomo, Leandro"]
[Result "0-1"]
[WhiteElo "2074"]
[BlackElo "2476"]
[Annotator "TA"]
[PlyCount "150"]
[EventDate "2018.11.14"]
[EventType "swiss"]
[EventCountry "BRA"]
[SourceTitle "playchess.com"]
[Source "ChessBase"]
[SourceQuality "1"]

{[%evp 20,150,0,0,0,-16,0,-8,-16,-21,15,14,35,29,37,0,0,0,0,0,0,0,0,0,0,0,0,0,0,-7,0,0,0,0,0,0,0,0,0,-76,0,0,0,0,0,0,0,0,0,-10,-10,-11,-13,-41,0,-29,-36,-143,-149,-136,-12,-12,0,0,0,-12,0,0,0,0,0,0,0,-12,-12,-12,-12,-12,-8,-8,0,0,0,0,0,0,0,0,0,-354,0,-207,-207,-207,-37,-1049,-1036,-802,-8,-500,0,0,0,0,0,-2180,-1729,-3602,-2570,-2304,-4341,-5114,-3179,-29972,-29972,-29973,-29974,-29974,-29973,-29974,-29971,-4622,-4610,-29976,-29978,-29983,-29984,-29984,-29984,-29985,-29986,-29986,-29987]} 1. e4 e5 2. Nf3 Nc6 3. Bb5 a6 4. Ba4 Nf6 5. d4 exd4 6. O-O Be7 7. e5 Ne4 8. Nxd4 O-O 9. Nf5 d5 10. Nxe7+ Nxe7 11. c3 {LiveBook: 11 Games. C84: Closed Ruy Lopez: Unusual White 6th moves} Ng6 (11... Nc5 12. Bc2 Bf5 13. Na3 Bxc2 14. Nxc2 Qd7 15. Be3 Ne6 16. f4 f5 17. Nd4 Nc6 18. Nxe6 Qxe6 {0-1 (51) Mihok,O (2543)-Kravtsiv,M (2677) Hungary 2018}) 12. f4 c6 13. Be3 {The position is equal.} f6 14. Nd2 $146 {Strongly threatening Nxe4.} ({Predecessor:} 14. exf6 Nxf6 15. f5 Ne5 16. Nd2 Re8 17. Bd4 Qc7 18. Bc2 c5 19. Bxe5 Rxe5 {½-½ (33) Bieszk,S (1108)-Nowak,I (2048) LSS email 2013}) 14... Nxd2 15. Qxd2 Bf5 16. exf6 Qxf6 17. Bc2 Nh4 18. Bxf5 Nxf5 19. Bc5 Rfe8 20. Rae1 Nd6 21. Bd4 Qg6 22. Be5 Nc4 23. Qd4 Nxe5 24. fxe5 Qe6 25. Rf3 Rf8 26. Ref1 Rxf3 27. Rxf3 $11 {[%mdl 4096] Endgame KQR-KQR} Re8 28. Re3 Qf5 29. h3 (29. Qb6 $11) 29... h6 (29... Qb1+ $17 30. Kh2 Qxb2) 30. Kh2 a5 31. c4 dxc4 32. Qxc4+ Re6 33. h4 (33. b3 {looks sharper.} b5 34. Qd4 Re7 35. Qd8+ Qf8 36. Qxf8+ Kxf8 37. Kg3) 33... b5 $36 {[%mdl 2048] Black has good play.} 34. Qe4 (34. Qd4 {is more complex.} Rg6 35. Re4 Re6 36. Re3) 34... Qxe4 35. Rxe4 {KR-KR} Kf7 36. Re2 h5 37. Kg3 Rg6+ 38. Kf4 (38. Kf3 $15) 38... Rg4+ $17 39. Kf3 Ke6 (39... Rxh4 $17 40. b3 a4) 40. Rc2 $1 $11 Kd5 41. Re2 {e6 is the strong threat.} Ke6 42. Rc2 $1 Kd5 43. Re2 {Threatens to win with e6.} Rg6 44. Kf4 Ke6 $1 {And now ...Rg4+ would win.} 45. Rc2 $1 {[%cal Rc2c6]} Rg4+ 46. Kf3 Kxe5 47. Rxc6 Kd5 48. Rc7 a4 49. a3 g5 50. hxg5 Rxg5 51. g3 Rf5+ 52. Ke2 Kd4 53. Rc8 Re5+ 54. Kf2 $2 {[%mdl 8192]} (54. Kd2 $11) 54... Kd3 $2 (54... Rc5 $1 $19 {[%cal Rc5c8]} 55. Rd8+ Kc4) 55. Kf3 $2 (55. Rc3+ $1 $11 {and White is okay.} Kd4 56. Rf3) 55... Re3+ $1 $19 56. Kf4 Re2 $2 (56... Re4+ $19 57. Kg5 Re2 58. Kxh5 Rh2+ 59. Kg5 Rxb2) 57. Rd8+ $2 {[%mdl 8192]} (57. Rh8 $15) 57... Kc4 58. Rc8+ {[#]} Kd5 $2 ({Black should play} 58... Kb3 $1 $19 59. Rc5 Rxb2 60. Rxb5+ Kxa3 61. Rxh5 Rb4+ 62. Kf3 Kb3) 59. Rh8 $2 {[%mdl 8192]} (59. Rd8+ $1 $11 {and White has nothing to worry.} Kc4 60. Rc8+ Kb3 61. Rb8) 59... Rxb2 $2 ({Better is} 59... Rf2+ $19 60. Ke3 Rxb2 61. Rxh5+ Kc4) 60. Rxh5+ $11 Kc4 {Hoping for ...Rf2+.} 61. g4 Rf2+ 62. Kg3 $2 {[%mdl 8192]} (62. Ke4 $11) 62... Ra2 $19 63. g5 Rxa3+ 64. Kf4 {[#]} Rd3 $1 65. g6 Rd8 66. Rh1 b4 67. Rc1+ Kb3 68. Rb1+ Kc3 69. Rc1+ Kb2 70. Rc4 Kb3 71. Rc1 a3 {[%cal Ba4a3,Ba3a2][%mdl 32] Black mates.} 72. Re1 a2 73. g7 Rg8 74. Re3+ Kb2 75. Re2+ Ka3 {Accuracy: White = 49%, Black = 54%.} 0-1